00350nam a2200109Ia 4500008004100000020001800041040002900059050002500088100005800113245003800171260003100209221216s9999||||xx |||||||||||||| ||und|| a9780073226392 cChuka University Library aHG 4026 b.B666 2007 aBrealey, A. Richard. myers, Stewart C. marcus Alan j. 0aFundamentals of corporate finance aMcgraw hill bBostonc2007